| 000 | 00607nam a22001937a 4500 | ||
|---|---|---|---|
| 005 | 20251108165014.0 | ||
| 008 | 250721s1984 xx 000 0 ara d | ||
| 082 | 1 | 4 | _a530.15/تيخ |
| 100 | 1 | _aتيخونوف، أ. | |
| 245 | 1 | 0 | _aمعادلات الفيزياء الرياضية / |
| 264 | 1 |
_aموسكو : _bدار مير للطباعة و النشر، _c1984. |
|
| 300 | _a2ج | ||
| 650 | 1 | 7 | _aالفيزياء الرياضية |
| 650 | 1 | 7 | _aالفيزياء |
| 700 | 1 | _aسامارسكي، أ. | |
| 700 | 1 |
_aالقرماني، أحمد صادق _eترجمة |
|
| 942 |
_2ddc _cBK |
||
| 999 |
_c19654 _d19654 |
||